Missione negli atti degli apostoli (La) (Record n. 86828)

Dettagli MARC
000 -LEADER
fixed length control field 01214nam a2200289Ia 4500
001 - CONTROL NUMBER
control field 91911
003 - CONTROL NUMBER IDENTIFIER
control field IT-RoPAU
008 - FIXED-LENGTH DATA ELEMENTS--GENERAL INFORMATION
fixed length control field 130308s9999 xx 000 0 und d
040 ## - CATALOGING SOURCE
Original cataloging agency IT-RoPAU
040 ## - CATALOGING SOURCE
Transcribing agency IT-RoPAU
041 ## - LANGUAGE CODE
Language code of text/sound track or separate title ITALIANO
100 ## - MAIN ENTRY--PERSONAL NAME
Personal name Barbi Augusto
100 ## - MAIN ENTRY--PERSONAL NAME
Miscellaneous information Codice Aut. SPICS: 32134
245 ## - TITLE STATEMENT
Title Missione negli atti degli apostoli (La)
245 ## - TITLE STATEMENT
Remainder of title Missione nel Mondo Antico e nella Bibbia (La)
250 ## - EDITION STATEMENT
Edition statement 1a ed.
260 ## - PUBLICATION, DISTRIBUTION, ETC. (IMPRINT)
Place of publication, distribution, etc. BOLOGNA
260 ## - PUBLICATION, DISTRIBUTION, ETC. (IMPRINT)
Name of publisher, distributor, etc. EDB - Edizioni Dehoniane
260 ## - PUBLICATION, DISTRIBUTION, ETC. (IMPRINT)
Date of publication, distribution, etc. 1990 [1° Ed.:1990 - Ed.Ling.Originale:1988]
300 ## - PHYSICAL DESCRIPTION
Extent "28 p. (prefazione: no ; testo: 28 [pagine: 127-154])"
500 ## - GENERAL NOTE
General note Mandato missionario del Risorto Prospettiva cristologica e Discepolare Prospettiva Ecclesiologica ed Escatologica Elementi comuni Cristo Primo responsabile della missione nella forza Dello Spirito Spirito e Cristo nella missione Abilitazione All'Annuncio della Parola Espansione della missione e Guida dei missionari Opera dei testimoni a Tutte le nazioni Cominciando da Gerusalemme missione e Situazione della Chiesa Lucana
650 ## - SUBJECT ADDED ENTRY--TOPICAL TERM
Topical term or geographic name as entry element STUDI/COMMENTI SULLA BIBBIA
650 ## - SUBJECT ADDED ENTRY--TOPICAL TERM
Relator term Codice materia Spics: 9052
942 ## - ADDED ENTRY ELEMENTS (KOHA)
Koha item type LIBRO
957 ## -
-- 1
999 ## - SYSTEM CONTROL NUMBERS (KOHA)
-- 1
Dati di copia
Withdrawn status Lost status Damaged status Not for loan Home library Current library Date acquired Total Checkouts Full call number Date last seen Price effective from Koha item type Public note
    Buone Condizioni Not For Loan SPICS-MEDIATECA SPICS-MEDIATECA 08/03/2013   91911 08/03/2013 08/03/2013 LIBRO Progressivo inserimento: 56826 / N. Volumi: 0 [=Contributo] Copie: 1 / data import: 1 marzo 2013 - By Epidotti, Trombetti, Vaglietti.
CREDITS: SOCIETA' SAN PAOLO Via A.Severo, 58 - ROMA (RM) & PERIODICI SAN PAOLO SRL Via Giotto, 36 MILANO & CISF Via Giotto, 36 MILANO & EDIZIONI SAN PAOLO SRL,  Piazza Soncino, 5 CINISELLO BALSAMO (MI) -- ITALY